Oslava okrúhleho výročia vo veľkom štýle

Podrobná bibliografia
Médium: Článok
Jazyk:slovenčina
Fyzický popis:Fotogr.
ISSN:1210-2423
Predmet:

MARC

LEADER 00000nab a2200000 ar4500
001 vtls010538207
003 SK-MaSNL
005 20260305031906.0
008 130826c2013 xo wr|p|||||||000 b|slo
038 |a PPPK 
040 |a PPPKCL  |b slo  |c PPPKCL  |e AACR2 
041 0 |a slo 
044 |a xo  |c SK 
080 |a 711.4  |x (437.6)  |2 2001 
080 |a 394.1/.7  |2 2001 
245 0 0 |a Oslava okrúhleho výročia vo veľkom štýle  |c [text a foto] (bšl) 
300 |b Fotogr. 
611 2 7 |a Dni mesta Spišská Belá  |d (2013 :  |c Spišská Belá, Slovensko)  |2 pppkcl  |9 1609277 
611 2 7 |a O putovný pohár spišskobeliansky kotlík  |n (7. :  |d 2013 :  |c Spišská Belá, Slovensko)  |2 snkbucl  |9 1609278 
648 7 |a 31.5.-2.6.2013  |2 pppkcl  |9 1246929 
650 0 7 |a mestá  |2 pppkcl  |9 2929 
650 0 7 |a kultúrne podujatia  |2 pppkcl  |9 71676 
650 0 7 |a športové podujatia  |2 pppkcl  |9 346711 
651 7 |a Spišská Belá (Slovensko)  |2 pppkcl  |9 16198 
651 7 |a Kežmarok (Slovensko : okres)  |2 pppkcl  |9 51824 
773 0 |t Podtatranské noviny  |g Roč. LIV, č. 23 (2013), s. 1  |x 1210-2423 
852 |a PPPK  |b KIS3GCP 
999 |c 3317907  |d 3319837